Statistics for Ocarina of Time Character Quiz

Click here to take the quiz!

General Stats

  • This quiz has been taken 727 times
  • The average score is 35 of 60

Answer Stats

HintAnswer% Correct
Hero of TimeLink
100%
Fairy CompanionNavi
94%
Princess of DestinyZelda
93%
Childhood Best Friend | Sage of the ForestSaria
90%
Final Boss Beast FormGanon
90%
Evil Gerudo King | Final BossGanondorf
88%
Horse's NameEpona
87%
Rock Eating Mountain TribeGorons
86%
Children of the forestKokiri
84%
Mysterious red-eyed blonde who teaches you songsSheik
83%
Tribe that lives in waterZora
83%
Guardian of the ForestDeku Tree
82%
Princess Caretaker | Shadow SageImpa
79%
Godess of PowerDin
75%
Daughter of Ranch OwnerMalon
73%
Princess gets stuck in his bellyLord Jabu Jabu
71%
Princess of water peoplePrincess Ruto
71%
Water SageRuto
71%
Goddess of WisdomNayru
71%
Almost exclusively female desert thievesGerudo
71%
Fire Sage | Leader of this tribeDarunia
66%
Lazy Ranch OwnerTalon
64%
Lost Children in the Forest become thisSkull kids
64%
Goddess of CourageFarore
64%
Infernal Dinosaur (2nd Boss)King Dodongo
63%
Evil Spirit of Another Dimension (Forest Temple Boss)Phantom Ganon
62%
Sorceress Sisters Combined Form (Spirit Temple Boss)Twinrova
61%
Gives you a better swordBiggoron
60%
Childhood rivalMido
59%
Phantom Shadow Beast (Shadow Temple Boss)Bongo Bongo
58%
Kakariko GravediggerDampe
58%
Leader of this tribeKing Zora XVI
57%
Subterranean Lava Dragon (Fire Temple Boss)Volvagia
54%
Lives on top of Death MountainGreat Fairy
48%
Light SageRauru
48%
Grumpy Ranch WorkerIngo
47%
Leader of the Thieves | Spirit SageNabooru
46%
Giant Aquatic Ameoba (Water Temple Boss)Morpha
45%
Shadow tribeSheikah
44%
Parasitic Armoured Arachnid (1st Boss)Queen Gohma
42%
Bio-Electric Anemone (3rd Boss)Barinade
41%
OwlKaepora Gaebora
40%
Kakariko Guard asks for this maskKeaton
37%
Fire and Ice SorceressesKoume and Kotake
34%
Tells you you're HylianDeku Sprout
31%
Green Poe SisterAmy
23%
Castle Town show dogRichard
22%
Pink Poe SisterMeg
21%
Blue Poe SisterBeth
21%
Brothers that teach you basic controlsKnow-it-all Brothers
21%
Blue CuccoCojiro
18%
Orange Poe SisterJoelle
14%
Leader of the CarpentersMutoh
12%
Fire Sage's SonLink Goron
9%
2nd in Command of the TheivesAveil
8%

Score Distribution

Percentile by Number Answered

Percent of People with Each Score

Your Score History

You have not taken this quiz